000
00252nam a2200085Ia 4500
008
220204s9999 xx 000 0 und d
082
_a
339.1:633.82
_b
REP
245
0
_a
Report of the spices trade delegation to the middle east continent and U K
942
_c
BK
999
_c
22340
_d
22340